000 00828nam a22002657a 4500
001 1057
005 20240927134253.0
020 _a9780439738576
040 _aFISKH
_beng
_cFISKH
_dFISKH
050 _aPZ7.B78973
082 _a823.92
100 _aBrooke, Lauren
245 _aPlaying for Keeps /
_cby Lauren Brooke author of the Heartland series
250 _aFirst Printing, May 2006.
260 _aNew York :
_bScholastic,
_c2006.
300 _a204 pages :
_c20 cm .
490 _aChestnut Hill
505 _aW
520 _aLani must convince her parents not to have her transferred from Chestnut Hill to another school.
521 _a880
_bLexile
521 _aW
_bRaz-Plus
650 _aanimals
_vhorses
_xAnimals Horses
650 _ahorses
_vanimals
_xAnimals Horses
942 _2ddc
_cBK
_n0
999 _c1057
_d1057